Регионална библиотека "Любен Каравелов" - Русе

Разгром | Раждането на Амгунския полк | Потоп (Запис номер 188235)

MARC детайли
000 -Лидер
Контролно поле с фиксирана дължина 01632nam a2200349 c 4500
003 - Код на организацията, давaща контролен номер
Контролно поле BLK
005 - Дата и час на последна редакция
Контролно поле 20200526160530.0
008 - Елементи от данни с фиксирана дължина
fixed length control field 180411b bul|||||r ||||||| ||bul||
010 ## - Наследен системен номер
LC control number KNG00197253000
040 ## - Източник на каталожния запис
Идентификатор на билиотеката - собственик на записа BLK
041 ## - Код за език
Код за езика на текст/звукозапис или на отделно заглавие Български
Код за езика КДБФ Български
080 ## - УДК
Текстов определител УДК Руска литература
УДК код - определител по УДК 821.161.1
УДК определител -32
УДК - код + определител 821.161.1-32
100 1# - Редна дума - Автор
Автор Фадеев, Александър Александрович
Авторска отговорност първи автор
R(LIN) 329068
139 ## - Редно поле
Редна дума Фадеев, Александър Александрович
Авторски знак Фад - Ф 15
245 10 - Сведения за заглавието
Заглавие Разгром
Подзаглавни данни Роман
Редно поле (дума) Александър Александрович Фадеев; прев. от рус. Пелин Велков; прев. от рус. Борис Мисирков; състав. Мария Причкапова.
245 10 - Сведения за заглавието
Заглавие Раждането на Амгунския полк
245 10 - Сведения за заглавието
Заглавие Потоп
257 ## - Страна на издаване
Страна на създаване/издаване България
260 ## - Област на издателските данни
Име на издателя, разпространителя и проч. Партиздат
Година на издаване 1984
Място на издаване, разпространение и проч. София
300 ## - Физическа характеристика
Страници 255с
Размери/Мащаб 21см
380 ## - Жанр
Жанр Худож. лит.
490 1# - СЕРИИ (Колекции)
Име на серия Книги за революцията
500 ## - Общи забележки
Забележка Ориг. загл. Разгром; Рождение Амгуньского полка; Разлив/ Александр Фадеев- 22110 тир.
700 1# - Други автори (авторска отговорност)
Лично име Велков, Пелин
Автороска отговорност (Описва отношението между автора и произведението) прев. от рус.
Друга информация Пеловски, Тодор Велков
9 (RLIN) 373479
700 1# - Други автори (авторска отговорност)
Лично име Мисирков, Борис
Автороска отговорност (Описва отношението между автора и произведението) прев. от рус.
9 (RLIN) 363631
700 1# - Други автори (авторска отговорност)
Лично име Причкапова, Мария
Автороска отговорност (Описва отношението между автора и произведението) състав.
9 (RLIN) 113037
852 ## - Местоположение
Форматна сигнатура Цб 131254
856 4# - Електронен адрес и достъп
Електронен формат pdf - файл
856 4# - Електронен адрес и достъп
Електронен формат pdf - файл
999 ## - СИСТЕМНИ КОНТРОЛНИ НОМЕРА
Koha biblionumber 188235
Koha biblioitemnumber 188235
942 ## - АРТИКУЛИ
Вид на библиотечния материал Книги
Скрит в OPAC Не
Koha issues (borrowed), all copies 1
Периодичен библиозапис Да
944 ## - СЪЗДАВАНЕ И РЕДАКЦИЯ на ЗАПИСА
Създаване/Редакция Създаване
Дата на регистрацията/редакция 02.12.2016
Служител, извършил регистрацията/редакцията Виолета_Тройчева
944 ## - СЪЗДАВАНЕ И РЕДАКЦИЯ на ЗАПИСА
Създаване/Редакция Редакция
Дата на регистрацията/редакция 02.12.2016
Служител, извършил регистрацията/редакцията Виолета_Тройчева
999 ## - СИСТЕМНИ КОНТРОЛНИ НОМЕРА
Koha biblioitemnumber 188235
Наличности
Код за отписване Код за изгубен артикул Източник на класификационната схема Код за повреда Коз за рестрикции Код за отдаване Артикулен № Име на библиотеката - собственик Име на библиотеката, в която се намира в момента Статус (Текущо местоположение) Дата на вписване в системата Местоположение - отдел Цена в лева Инвентарен номер Систематично азбучна сигнатура Баркод Номер на екземпляра Цена в евро Служебна бележка Служебен тип на артикула Бележка за публиката
  Не е изгубен Universal Decimal Classification Не е повреден без рестрикции ползва се в читалня 329730 Регионална библиотека "Любен Каравелов" Русе Регионална библиотека "Любен Каравелов" Русе Хранилище 1984-01-01 Хранилище 2.45 418649 Цб 131254 900000009063 1 1.25 Дост: сф Вид: Сф N: сф Дата: 01.01.1984 Книги  
Изтеглен Не е изгубен Universal Decimal Classification Не е повреден без рестрикции заемане за дома 329731 Регионална библиотека "Любен Каравелов" Русе Регионална библиотека "Любен Каравелов" Русе Заемна - подръчен фонд 1984-01-01 Заемна - подръчен фонд 2.45 423316 Цб 131254 423316 2 1.25 Дост: сф Вид: Сф N: сф Дата: 01.01.1984 Дата инв: 09.02.2018 Бележки инв: П2018 Книги  
Изтеглен Не е изгубен   Не е повреден без рестрикции заемане за дома 329732 Регионална библиотека "Любен Каравелов" Русе Регионална библиотека "Любен Каравелов" Русе   1984-01-01 Заемна - подръчен фонд 2.45 423317 Цб 131254 423317 3 1.25 Дост: сф Вид: Сф N: сф Дата: 01.01.1984 Книги Отч.N: 5 , Дата: 19.01.2018
Vip Innovations Ltd, Rousse, Bulgaria 2025